000 00410nam a2200169Ia 4500
008 230524s9999 xx 000 0 und d
020 _a8120314611
082 _a621.38
_bRIZ
100 _aPeter A.Rizzi
245 0 _aMicrowave Engineering Passive Circuits
250 _a1ST
260 _aNEW DELHI
_bPHI
_c2005
300 _aXI561
500 _aQuantity Number: 2
650 _aElectronics
942 _cBK
999 _c37131
_d37131